01824cam a22004094i 4500003000900000005001700009008004100026020001800067035002700085040003300112041001300145049000900158082001900167100003300186245009300219264003900312300005600351336002100407337002500428338002300453490002500476505025100501526000900752526000900761526000800770526000800778526000800786546004700794910001900841942001400860949013400874994001401008596000601022999015801028980005501186952017301241PE-LiUPU20250731183335.0140717s2006 mx ao g spa  a9789709726343 a(Sirsi) i9789709726343 aPE-LiUPUbspacPE-LiUPUerda1 aspaaeng aPRUA04a747.272bH22am1 aHaro, Fernándo de,eautor.10aInteriores mexicanos :bambientes con distinción /cFernándo de Haro y Omar Fuentes. 1aBosques de las Lomas :bAM,c2006. a173 páginas :bilustraciones ;c29 centímetros. atext2rdacontent aunmediated2rdamedia avolume2rdacarrier0 aInteriores Mexicanos0 aMariangel Álvarez y Covadonga Hernández -- Eduardo Ávalos, Miguel de Llano y José Segués -- Alejandro Bernardi, Gloria Cortina, Imanol Legorreta, Beatriz Peschard y Pablo Sepúlveda -- Javier Calleja, Alfonso López y Antonio Artigas. aP158 aP146 aP17 aP12 aP06 aTexto paralelo en español y en Inglés. agl20131219cbd 2ddccBOOK a747.272 H22AMwDEWEYc1i69769lCCODEBUL1mBULp54.00r0sYtBOOKu2015-7-6xINGENIERIAPP060COMPRAo.STAFF. Colección General aC0bPEPRU a1 a747.272 H22AMwDEWEYc6128i69769f2021-11-10g7lCCODEBUL1mBULp54.00r0sYtBOOKu2015-7-6xINGENIERIAPP060COMPRAo.STAFF. Colección Generald6128 81gALBERTO SANCHEZ Responsable de Automatización r2025-12-03 00:00:00i8l0o747.272 H22AMp69769te1v59.00w2015-07-06xFIAyBKzinventario-2023-12-13102ddc50708GENfP06aBULbBULcGENd2015-07-06eCOMPRAg54.00